Dessert, désert ou les deux ? - Statistiques

Statistiques générales
  • Ce quiz a été pris 646 fois
  • Le résultat moyen est 7 sur 10
Statistiques - réponses
Question Réponse % Correct
Représente environ 6% de la surface terrestre Désert
98%
Est sucré Dessert
97%
Est parfois glacé Les deux
86%
Est parfois aride Désert
85%
On peut y retrouver du sable Désert
83%
Est parfois disposé en couches Les deux
82%
Est sujet aux touristes Les deux
76%
Les recherches google à ce sujet explosent à une période chaque année Dessert
53%
Au niveau mondial, peut se mesurer en milliards de litres Les deux
41%
On peut y retrouver des fôrets Dessert
28%
Aucun quiz correspondant
Distribution des résultats
% des personnes avec chaque résultat
Percentile par nombre de réponses
Votre historique - résultats
Vous n’avez pas pris ce quiz